| 000 | 01228nam1a2200289 i 4500 | ||
|---|---|---|---|
| 001 | RU\NLR\bibl\1045135 | ||
| 005 | 20241214054051.0 | ||
| 035 | _a(NLR Aleph) 001032508 | ||
| 090 |
_a767588 _c767588 |
||
| 100 | _a20070214g20059999u y0rusy50 ca | ||
| 101 | 0 | _arus | |
| 102 | _aRU | ||
| 105 | _a| z ||||| | ||
| 200 | 1 |
_aПоклонимся великим тем годам _e[документальное издание _fредактор: С. П. Секретарева] |
|
| 210 |
_aТроицко-Печорск _aСыктывкар _cИнформационное агентство "Север" _d2005– |
||
| 215 | _d20 | ||
| 300 | _aНумерация сборников указана в аннот. | ||
| 606 | 1 |
_aВеликая Отечественная война _jСборники _xГерои и героизм _yТроицко-Печорский район (Коми АССР) _z1941 - 1945 _92434089 _3RU\NLR\auth\661448562 |
|
| 686 | _aТ3(2)722.78я43 | ||
| 686 | _aЦ35(2)722-424д(2Р-6Ко)я43 | ||
| 702 | 1 |
_aСекретарева _bС. П. _4340 |
|
| 801 | 0 |
_aRU _bNLR _c20070214 _gRCR |
|
| 801 | 1 |
_aRU _bNLR _c20070214 |
|
| 852 |
_aNLR _j2006-3/2351 |
||
| 942 | _cBOOK | ||